[Event "St Petersburg Botvinnik 100 op"]
[Site "St Petersburg"]
[Date "2011.08.19"]
[Round "8"]
[White "Martynenko, Alexey"]
[Black "Gopkin, Nikolaj"]
[Result "1/2-1/2"]
[WhiteElo "2015"]
[BlackElo "2221"]
[PlyCount "98"]
[EventDate "2011.08.12"]
[EventType "swiss"]
[EventRounds "9"]
[EventCountry "RUS"]
[SourceTitle "CBM 143 Extra"]
[Source "ChessBase"]
[SourceDate "2011.08.29"]
[SourceVersion "1"]
[SourceVersionDate "2011.08.29"]
[SourceQuality "1"]

1. e4 e6 2. d4 d5 3. exd5 exd5 4. Bd3 Nf6 5. Nf3 Bg4 6. h3 Bh5 7. Nbd2 c6 8. Nf1 Bd6 9. Qe2+ Kd7 10. Be3 Re8 11. 0-0-0 Kc7 12. g4 Bg6 13. Ne5 Re7 14. Bxg6 hxg6 15. Nd2 Qe8 16. Qd3 Nfd7 17. Nxd7 Nxd7 18. Nf3 Qf8 19. g5 Rae8 20. h4 Qh8 21. Qd2 b6 22. Bf4 Re4 23. Bxd6+ Kxd6 24. Qb4+ Kc7 25. Qa3 a5 26. Qd3 Qh5 27. Nd2 Re2 28. Qg3+ Kb7 29. f3 Qh8 30. Qd6 R8e7 31. Ne4 Qe8 32. Ng3 Rg2 33. h5 gxh5 34. Rxh5 Re1 35. Rh1 Rxh1 36. Nxh1 Qe3+ 37. Kb1 Nb8 38. a3 Rg1 39. Rxg1 Qxg1+ 40. Ka2 Qxh1 41. Qe7+ Kc8 42. Qe8+ Kc7 43. Qe5+ Kb7 44. Qe7+ Ka6 45. Qxf7 Qh3 46. Qf8 Kb7 47. Qxg7+ Qd7 48. Qg8 Qf5 49. g6 Qxc2 1/2-1/2

[Event "St Petersburg Botvinnik 100 op"]
[Site "St Petersburg"]
[Date "2011.08.18"]
[Round "7"]
[White "Kostyuchenko, Vladimir"]
[Black "Martynenko, Alexey"]
[Result "1-0"]
[WhiteElo "2144"]
[BlackElo "2015"]
[PlyCount "63"]
[EventDate "2011.08.12"]
[EventType "swiss"]
[EventRounds "9"]
[EventCountry "RUS"]
[SourceTitle "CBM 143 Extra"]
[Source "ChessBase"]
[SourceDate "2011.08.29"]
[SourceVersion "1"]
[SourceVersionDate "2011.08.29"]
[SourceQuality "1"]

1. d4 d5 2. Nf3 Nf6 3. c4 c6 4. cxd5 cxd5 5. Nc3 Nc6 6. e3 e6 7. Bd3 Bd6 8. 0-0 a6 9. Qe2 Ne7 10. e4 dxe4 11. Nxe4 Nxe4 12. Bxe4 f5 13. Bc2 0-0 14. Re1 Bb4 15. Rd1 Nd5 16. Bd2 Bxd2 17. Rxd2 Bd7 18. Bb3 Qa5 19. Rc2 Rac8 20. Rac1 Rxc2 21. Rxc2 Rc8 22. Rxc8+ Bxc8 23. Qe5 Qd8 24. h4 Nc7 25. Qxf5 h6 26. Qe4 Qd6 27. Bc2 Ne8 28. Qh7+ Kf8 29. Qh8+ Ke7 30. Bg6 Bd7 31. Bxe8 Bxe8 32. Qxg7+ 1-0

[Event "St Petersburg Botvinnik 100 op"]
[Site "St Petersburg"]
[Date "2011.08.17"]
[Round "6"]
[White "Martynenko, Alexey"]
[Black "Kazantsev, Alexandr"]
[Result "1-0"]
[WhiteElo "2015"]
[BlackElo "1958"]
[PlyCount "59"]
[EventDate "2011.08.12"]
[EventType "swiss"]
[EventRounds "9"]
[EventCountry "RUS"]
[SourceTitle "CBM 143 Extra"]
[Source "ChessBase"]
[SourceDate "2011.08.29"]
[SourceVersion "1"]
[SourceVersionDate "2011.08.29"]
[SourceQuality "1"]

1. e4 d5 2. exd5 Nf6 3. Nf3 Nxd5 4. d4 Bg4 5. Be2 e6 6. 0-0 Be7 7. Nbd2 0-0 8. h3 Bh5 9. c3 Nd7 10. Ne4 h6 11. c4 N5f6 12. Nc3 c5 13. d5 exd5 14. Nxd5 Nb6 15. Nxe7+ Qxe7 16. Qc2 Bg6 17. Bd3 Bxd3 18. Qxd3 Rad8 19. Qc2 Rd6 20. Bf4 Re6 21. Rfe1 Re8 22. b3 Ne4 23. Re3 Qf6 24. Be5 Rxe5 25. Nxe5 Qxe5 26. Rd1 Qh5 27. Rxe4 Rxe4 28. Rd8+ Kh7 29. Qxe4+ g6 30. Qe8 1-0

[Event "St Petersburg Botvinnik 100 op"]
[Site "St Petersburg"]
[Date "2011.08.12"]
[Round "1"]
[White "Sichinava, Zviad"]
[Black "Martynenko, Alexey"]
[Result "1-0"]
[WhiteElo "2364"]
[BlackElo "2015"]
[PlyCount "65"]
[EventDate "2011.08.12"]
[EventType "swiss"]
[EventRounds "9"]
[EventCountry "RUS"]
[SourceTitle "CBM 143 Extra"]
[Source "ChessBase"]
[SourceDate "2011.08.29"]
[SourceVersion "1"]
[SourceVersionDate "2011.08.29"]
[SourceQuality "1"]

1. d4 d5 2. Bg5 Nf6 3. Nd2 e6 4. e3 c5 5. c3 Nc6 6. f4 cxd4 7. cxd4 Be7 8. Bxf6 Bxf6 9. Ngf3 Qb6 10. Rb1 Bd7 11. b4 0-0 12. h4 a5 13. b5 Na7 14. a4 Nc8 15. Nb3 Be7 16. Bd3 Bb4+ 17. Kf2 f6 18. Qc2 f5 19. Nc5 Be8 20. Ne5 Bxc5 21. dxc5 Qd8 22. Qc3 Ne7 23. h5 h6 24. Qd4 Kh7 25. Rh3 Ng8 26. g4 Rc8 27. Rg1 Qe7 28. gxf5 exf5 29. Rhg3 Kh8 30. Rxg7 Qh4+ 31. R7g3 Nf6 32. Nf3 Qxh5 33. Qxf6+ 1-0

[Event "St Petersburg White Nights op"]
[Site "St Petersburg"]
[Date "2011.06.15"]
[Round "9"]
[White "Gorny, Roman"]
[Black "Martynenko, Alexey"]
[Result "0-1"]
[WhiteElo "1802"]
[BlackElo "2057"]
[PlyCount "88"]
[EventDate "2011.06.07"]
[EventType "swiss"]
[EventRounds "9"]
[EventCountry "RUS"]
[SourceTitle "EXT 2012"]
[Source "ChessBase"]
[SourceDate "2011.11.24"]
[SourceVersion "1"]
[SourceVersionDate "2011.11.24"]
[SourceQuality "1"]

1. e4 c5 2. Nf3 d6 3. d4 cxd4 4. Nxd4 Nf6 5. Nc3 Nc6 6. Bb5 Bd7 7. 0-0 e6 8. Bg5 h6 9. Bh4 Be7 10. Nf3 a6 11. Bxc6 Bxc6 12. e5 dxe5 13. Nxe5 Qc7 14. Nxc6 Qxc6 15. Qe2 Nd5 16. Bxe7 Nxc3 17. bxc3 Kxe7 18. Qe5 Rhd8 19. Rfd1 Kf8 20. Rd4 f6 21. Qe3 e5 22. Rd3 Rxd3 23. Qxd3 Rc8 24. Rd1 Kg8 25. h3 Kh8 26. Qf5 Qxc3 27. Rd7 Qc6 28. Rf7 Rg8 29. Qd3 e4 30. Qb3 b5 31. Ra7 Qd6 32. Qe3 Qc6 33. c3 Rd8 34. Qg3 Rd7 35. Qb8+ Kh7 36. Ra8 Rd1+ 37. Kh2 Qd6+ 38. Qxd6 Rxd6 39. Kg3 g5 40. Re8 Rd3+ 41. Kg4 Kg6 42. f3 h5+ 43. Kg3 exf3 44. gxf3 h4+ 0-1

[Event "St Petersburg White Nights op"]
[Site "St Petersburg"]
[Date "2011.06.13"]
[Round "7"]
[White "Martynenko, Alexey"]
[Black "Popov, Alexei"]
[Result "1/2-1/2"]
[WhiteElo "2057"]
[BlackElo "1644"]
[PlyCount "101"]
[EventDate "2011.06.07"]
[EventType "swiss"]
[EventRounds "9"]
[EventCountry "RUS"]
[SourceTitle "EXT 2012"]
[Source "ChessBase"]
[SourceDate "2011.11.24"]
[SourceVersion "1"]
[SourceVersionDate "2011.11.24"]
[SourceQuality "1"]

1. e4 e5 2. Nf3 Nc6 3. Bb5 a6 4. Ba4 Nf6 5. 0-0 b5 6. Bb3 Bb7 7. d3 Bc5 8. c3 Qe7 9. Be3 Bxe3 10. fxe3 0-0 11. Nbd2 a5 12. Nh4 g6 13. Qf3 Ne8 14. Qg3 Ng7 15. Nf5 Nxf5 16. exf5 a4 17. f6 Qd6 18. Ne4 Nd4 19. Nxd6 Ne2+ 20. Kf2 Nxg3 21. hxg3 cxd6 22. Bd1 a3 23. b3 Rfc8 24. c4 bxc4 25. bxc4 e4 26. Be2 exd3 27. Bxd3 Ba6 28. Rfc1 d5 29. Rc3 Bxc4 30. Rac1 Rc6 31. Bxc4 Rxf6+ 32. Ke1 dxc4 33. Rxc4 Kg7 34. Rd4 d6 35. Rc6 Rb8 36. Rcxd6 Rxd6 37. Rxd6 Rb1+ 38. Rd1 Rb2 39. Rd2 Kh6 40. Kd1 Rxd2+ 41. Kxd2 Kg5 42. Kc3 Kg4 43. Kb3 Kxg3 44. Kxa3 Kxg2 45. Kb3 h5 46. a4 h4 47. a5 h3 48. a6 h2 49. a7 h1Q 50. a8Q+ Kg1 51. Qa1+ 1/2-1/2

[Event "St Petersburg White Nights op"]
[Site "St Petersburg"]
[Date "2011.06.11"]
[Round "5"]
[White "Mylnikov, Mikhail"]
[Black "Martynenko, Alexey"]
[Result "0-1"]
[WhiteElo "1762"]
[BlackElo "2057"]
[PlyCount "128"]
[EventDate "2011.06.07"]
[EventType "swiss"]
[EventRounds "9"]
[EventCountry "RUS"]
[SourceTitle "EXT 2012"]
[Source "ChessBase"]
[SourceDate "2011.11.24"]
[SourceVersion "1"]
[SourceVersionDate "2011.11.24"]
[SourceQuality "1"]

1. e4 c5 2. Nc3 Nc6 3. g3 e6 4. Bg2 Nge7 5. d3 g6 6. Be3 b6 7. Qd2 Bg7 8. Bh6 Bf6 9. Nge2 Bb7 10. h4 Ng8 11. Bf4 h5 12. Nb5 Kf8 13. Bc7 Qc8 14. Bd6+ Be7 15. Qf4 a6 16. Bxe7+ Kxe7 17. Nd6 Qb8 18. e5 f6 19. exf6+ Nxf6 20. Ne4 Qxf4 21. Nxf4 Ne5 22. Nxf6 Bxg2 23. Nxg2 Nf3+ 24. Ke2 Nd4+ 25. Kd2 Kxf6 26. c3 Nf3+ 27. Ke3 Ne5 28. Rad1 d5 29. f4 Nc6 30. c4 Rad8 31. Rhe1 Nb4 32. Rd2 Nxa2 33. Rde2 Nb4 34. b3 Rhe8 35. Rd2 dxc4 36. dxc4 Rxd2 37. Kxd2 Rd8+ 38. Ke2 Rd3 39. Rb1 Rxg3 40. Kf2 Rg4 41. Rd1 Ke7 42. Kf3 Nc2 43. Rh1 Nd4+ 44. Kf2 Nf5 45. Rh3 a5 46. Kf3 Nd4+ 47. Kf2 Ne2 48. Rf3 Nd4 49. Rh3 Kd6 50. Re3 Nf5 51. Rd3+ Kc7 52. Rh3 Kc6 53. Kf1 b5 54. Kf2 bxc4 55. bxc4 Kc7 56. Kf1 a4 57. Kf2 Kc6 58. Ra3 Nxh4 59. Nxh4 Rxh4 60. Kg3 Rg4+ 61. Kf3 g5 62. fxg5 Rxc4 63. g6 Rg4 64. g7 Kb5 0-1

[Event "St Petersburg White Nights op"]
[Site "St Petersburg"]
[Date "2011.06.10"]
[Round "4"]
[White "Martynenko, Alexey"]
[Black "Gorjunov, Sergey"]
[Result "0-1"]
[WhiteElo "2057"]
[BlackElo "2108"]
[PlyCount "74"]
[EventDate "2011.06.07"]
[EventType "swiss"]
[EventRounds "9"]
[EventCountry "RUS"]
[SourceTitle "EXT 2012"]
[Source "ChessBase"]
[SourceDate "2011.11.24"]
[SourceVersion "1"]
[SourceVersionDate "2011.11.24"]
[SourceQuality "1"]

1. e4 c5 2. Nf3 d6 3. d4 cxd4 4. Nxd4 Nf6 5. Nc3 g6 6. Be2 Bg7 7. 0-0 0-0 8. Bg5 Nc6 9. Nb3 a5 10. a4 Be6 11. Re1 Nb4 12. Nd4 Bd7 13. Bb5 h6 14. Bh4 e5 15. Nf3 Be6 16. Bxf6 Qxf6 17. Ne2 d5 18. Ng3 Rfd8 19. c3 dxe4 20. Nxe4 Qe7 21. Qe2 Nd5 22. Ng3 Bg4 23. h3 Nf4 24. Qe3 Bxf3 25. Qxf3 Qc7 26. Rad1 f5 27. Ne2 Ne6 28. Qg3 Kh7 29. h4 h5 30. b3 Nc5 31. Bc4 Nxa4 32. Rxd8 Rxd8 33. Nd4 f4 34. Qg5 Nc5 35. Nb5 Qb6 36. b4 axb4 37. cxb4 Ne4 0-1

[Event "St Petersburg Spring op"]
[Site "St Petersburg"]
[Date "2011.03.25"]
[Round "3"]
[White "Vakhania, David"]
[Black "Martynenko, Alexey"]
[Result "0-1"]
[WhiteElo "1808"]
[BlackElo "2084"]
[PlyCount "134"]
[EventDate "2011.03.23"]
[EventType "swiss"]
[EventRounds "9"]
[EventCountry "RUS"]
[SourceTitle "CBM 141 Extra"]
[Source "ChessBase"]
[SourceDate "2011.05.03"]
[SourceVersion "1"]
[SourceVersionDate "2011.05.03"]
[SourceQuality "1"]

1. e4 c5 2. Nf3 d6 3. d4 cxd4 4. Nxd4 Nf6 5. Nc3 Nc6 6. Bg5 e6 7. Bb5 Bd7 8. 0-0 Qa5 9. a4 a6 10. Nb3 Qc7 11. Bxc6 Bxc6 12. Qe2 Be7 13. Rad1 0-0 14. Rfe1 Rfd8 15. Rd3 d5 16. Bxf6 Bxf6 17. exd5 exd5 18. Nxd5 Bxd5 19. Rxd5 Bxb2 20. Rxd8+ Qxd8 21. g3 g6 22. Qe7 Qb6 23. Re4 Rc8 24. Rb4 Qc7 25. Rxb7 Qxe7 26. Rxe7 Rxc2 27. Ra7 Rc6 28. h4 Rb6 29. Ra8+ Kg7 30. Nc5 Bd4 31. Nxa6 Rb2 32. Kg2 Bxf2 33. Kf3 Be1 34. Nc5 Rf2+ 35. Kg4 Rc2 36. Nd3 h5+ 37. Kh3 Bd2 38. a5 Rc3 39. Nf2 Be1 40. Nh1 Rc1 41. a6 Bd2 42. a7 Rxh1+ 43. Kg2 Ra1 44. Rd8 Rxa7 45. Rxd2 Ra3 46. Rd7 Kf6 47. Rd6+ Ke5 48. Rb6 Ra4 49. Kf3 Ra3+ 50. Kg2 Ke4 51. Rb4+ Ke3 52. Rf4 Ra2+ 53. Kh3 Rf2 54. Rb4 Ra2 55. Rf4 f5 56. Rb4 Kf2 57. Rb3 Ra1 58. Rb2+ Kg1 59. Rb6 f4 60. Rb3 f3 61. Rxf3 Ra2 62. g4 Rh2+ 63. Kg3 Rg2+ 64. Kf4 Rxg4+ 65. Ke3 Kg2 66. Rf2+ Kg3 67. Rf3+ Kxh4 0-1

[Event "St Petersburg Spring op"]
[Site "St Petersburg"]
[Date "2011.03.24"]
[Round "2"]
[White "Martynenko, Alexey"]
[Black "Solovjov, Sergey"]
[Result "0-1"]
[WhiteElo "2084"]
[BlackElo "2396"]
[PlyCount "112"]
[EventDate "2011.03.23"]
[EventType "swiss"]
[EventRounds "9"]
[EventCountry "RUS"]
[SourceTitle "CBM 141 Extra"]
[Source "ChessBase"]
[SourceDate "2011.05.03"]
[SourceVersion "1"]
[SourceVersionDate "2011.05.03"]
[SourceQuality "1"]

1. e4 c5 2. Nf3 d6 3. d4 cxd4 4. Nxd4 Nf6 5. Nc3 g6 6. Be2 Bg7 7. 0-0 0-0 8. Re1 Nc6 9. Nb3 Bd7 10. Bg5 Rc8 11. Bf1 Ne5 12. Nd5 Nxd5 13. exd5 h6 14. Be3 b5 15. c3 Nc4 16. Bxc4 bxc4 17. Nd4 e5 18. dxe6 fxe6 19. Qd2 Kh7 20. Rad1 Qh4 21. Ne2 d5 22. Ng3 Rf7 23. Bd4 Rcf8 24. f3 a5 25. Qe3 a4 26. Bxg7 Kxg7 27. Rd4 Qd8 28. Red1 a3 29. bxa3 Qg5 30. Qxg5 hxg5 31. Ne4 Ba4 32. Nxg5 Kf6 33. Nxf7 Bxd1 34. Rf4+ Ke7 35. Ne5 Rg8 36. h4 Bc2 37. Rd4 Ra8 38. Rd2 Bb1 39. Rd1 Bxa2 40. Ra1 Bb3 41. Nxg6+ Kf6 42. Nf4 Ra5 43. Kf2 e5 44. Ne2 Bc2 45. Ke3 Rb5 46. g4 Rb3 47. a4 d4+ 48. Kd2 Bd3 49. Nc1 Rxc3 50. a5 Rc2+ 51. Ke1 e4 52. fxe4 Bxe4 53. Ne2 d3 54. Ng3 Bf3 55. Kf1 d2 56. Ne2 d1Q+ 0-1

[Event "Chigorin Memorial 18th"]
[Site "St Petersburg"]
[Date "2010.10.30"]
[Round "3"]
[White "Syrchikov, Alexander"]
[Black "Martynenko, Alexey"]
[Result "1/2-1/2"]
[WhiteElo "2256"]
[BlackElo "2051"]
[PlyCount "61"]
[EventDate "2010.10.28"]
[EventType "swiss"]
[EventRounds "9"]
[EventCountry "RUS"]
[SourceTitle "EXT 2011"]
[Source "ChessBase"]
[SourceDate "2010.11.26"]
[SourceVersion "1"]
[SourceVersionDate "2010.11.26"]
[SourceQuality "1"]

1. d4 d5 2. Nf3 Nf6 3. Bf4 Bf5 4. e3 e6 5. Bd3 Bxd3 6. Qxd3 c6 7. 0-0 Bd6 8. Bg5 Nbd7 9. Nbd2 h6 10. Bh4 Qc7 11. Bg3 0-0 12. c4 Bxg3 13. hxg3 e5 14. cxd5 Nxd5 15. Rac1 exd4 16. Qxd4 Qb6 17. Nc4 Qxd4 18. Nxd4 N7f6 19. Na5 c5 20. Nb5 b6 21. Nc4 Rfd8 22. a4 a6 23. Nbd6 Rab8 24. e4 b5 25. axb5 axb5 26. exd5 bxc4 27. Nxc4 Rxd5 28. Rfd1 Rxd1+ 29. Rxd1 Rb4 30. Rc1 Nd5 31. Nd6 1/2-1/2

[Event "RUS-chT U20"]
[Site "Rybinsk"]
[Date "2010.08.08"]
[Round "7"]
[White "Martynenko, Alexey"]
[Black "Mikheev, Evgeny"]
[Result "0-1"]
[WhiteElo "2060"]
[BlackElo "1947"]
[PlyCount "76"]
[EventDate "2010.08.02"]
[EventType "team-swiss"]
[EventRounds "9"]
[EventCountry "RUS"]
[SourceTitle "EXT 2011"]
[Source "ChessBase"]
[SourceDate "2010.11.26"]
[SourceVersion "1"]
[SourceVersionDate "2010.11.26"]
[SourceQuality "1"]

1. e4 d6 2. d4 Nf6 3. Nc3 g6 4. f4 Bg7 5. Nf3 c5 6. e5 Nfd7 7. Ng5 cxd4 8. e6 Nc5 9. exf7+ Kf8 10. Nce4 h6 11. Nxc5 dxc5 12. Nf3 Qd5 13. Be2 Bf5 14. 0-0 Nc6 15. Nh4 Kxf7 16. Bf3 Qc4 17. Nxf5 gxf5 18. b3 Qe6 19. Re1 Qd6 20. Bh5+ Kg8 21. Qd3 e6 22. Qc4 d3 23. c3 b5 24. Qxe6+ Qxe6 25. Rxe6 Bxc3 26. Rb1 Nd4 27. Re7 Rh7 28. Re3 c4 29. bxc4 bxc4 30. Ba3 Nc2 31. Rg3+ Rg7 32. Rxg7+ Bxg7 33. Be7 Bd4+ 34. Kh1 Ne3 35. Rb7 c3 36. Bf7+ Kxf7 37. Bc5+ Ke6 38. Bxd4 d2 0-1

[Event "RUS-chT U20"]
[Site "Rybinsk"]
[Date "2010.08.04"]
[Round "3"]
[White "Martynenko, Alexey"]
[Black "Egorov, Roman"]
[Result "1-0"]
[WhiteElo "2060"]
[BlackElo "1935"]
[PlyCount "63"]
[EventDate "2010.08.02"]
[EventType "team-swiss"]
[EventRounds "9"]
[EventCountry "RUS"]
[SourceTitle "EXT 2011"]
[Source "ChessBase"]
[SourceDate "2010.11.26"]
[SourceVersion "1"]
[SourceVersionDate "2010.11.26"]
[SourceQuality "1"]

1. e4 c6 2. d4 d5 3. e5 Bf5 4. Nc3 e6 5. g4 Bg6 6. Nge2 h6 7. Ng3 Nd7 8. f4 c5 9. Be3 b6 10. Bb5 a6 11. Bc6 Rb8 12. f5 Bh7 13. Nxd5 exd5 14. e6 Ngf6 15. exd7+ Nxd7 16. dxc5 Bxc5 17. Bxc5 bxc5 18. Qxd5 Qa5+ 19. Qd2 Qxd2+ 20. Kxd2 Rxb2 21. Rab1 Rxb1 22. Rxb1 Ke7 23. Rb7 Rd8 24. Ne4 Bg8 25. Ba4 f6 26. Nxc5 Bxa2 27. Nxd7 Bd5 28. Ra7 Ra8 29. Rxa8 Bxa8 30. Ke3 Bg2 31. Nc5 Bh3 32. Kf4 1-0

[Event "St Petersburg White Nights op"]
[Site "St Petersburg"]
[Date "2010.06.22"]
[Round "7"]
[White "Golovankov, Vladimir"]
[Black "Martynenko, Alexey"]
[Result "1-0"]
[WhiteElo "2279"]
[BlackElo "2039"]
[PlyCount "55"]
[EventDate "2010.06.16"]
[EventType "swiss"]
[EventRounds "9"]
[EventCountry "RUS"]
[SourceTitle "EXT 2011"]
[Source "ChessBase"]
[SourceDate "2010.11.26"]
[SourceVersion "1"]
[SourceVersionDate "2010.11.26"]
[SourceQuality "1"]

1. d4 d5 2. Nf3 Nf6 3. Bf4 Bf5 4. e3 e6 5. c4 c6 6. Nc3 Bd6 7. Ne5 Ne4 8. g4 Nxc3 9. bxc3 Be4 10. f3 Bg6 11. h4 f6 12. Nxg6 hxg6 13. Bxd6 Qxd6 14. Qb1 Kf7 15. Bd3 Qg3+ 16. Kd2 Qf2+ 17. Be2 b6 18. Qb4 c5 19. Qa4 cxd4 20. cxd4 dxc4 21. Qxc4 Qg3 22. f4 Nd7 23. Qc6 Nc5 24. Rag1 Qf2 25. Rg2 Rac8 26. Rxf2 Rxc6 27. dxc5 Rxc5 28. Bd3 1-0

[Event "St Petersburg White Nights op"]
[Site "St Petersburg"]
[Date "2010.06.21"]
[Round "6"]
[White "Martynenko, Alexey"]
[Black "Lushnikov, Andrey Yakovlevich"]
[Result "1-0"]
[WhiteElo "2039"]
[BlackElo "2264"]
[PlyCount "65"]
[EventDate "2010.06.16"]
[EventType "swiss"]
[EventRounds "9"]
[EventCountry "RUS"]
[SourceTitle "EXT 2011"]
[Source "ChessBase"]
[SourceDate "2010.11.26"]
[SourceVersion "1"]
[SourceVersionDate "2010.11.26"]
[SourceQuality "1"]

1. e4 e5 2. Nf3 Nc6 3. Bb5 g6 4. c3 a6 5. Ba4 d6 6. h3 Bd7 7. d3 Bg7 8. Bg5 f6 9. Be3 Nh6 10. d4 b6 11. dxe5 Nxe5 12. Nxe5 dxe5 13. 0-0 Nf7 14. Nd2 0-0 15. Bxd7 Qxd7 16. Qc2 Rad8 17. Rad1 Qc6 18. f3 Rd7 19. c4 Rfd8 20. b3 Rd3 21. Kf2 Qd7 22. Ke2 Rxe3+ 23. Kxe3 Qd4+ 24. Ke2 Bh6 25. f4 Bxf4 26. Rf3 Ng5 27. Rd3 Ne6 28. Qb1 Qc5 29. Rxd8+ Nxd8 30. Qd3 Ne6 31. Nf3 Bg3 32. Qd5 Qe7 33. b4 1-0

[Event "St Petersburg White Nights op"]
[Site "St Petersburg"]
[Date "2010.06.20"]
[Round "5"]
[White "Markevich, Ilya"]
[Black "Martynenko, Alexey"]
[Result "1/2-1/2"]
[WhiteElo "2185"]
[BlackElo "2039"]
[PlyCount "93"]
[EventDate "2010.06.16"]
[EventType "swiss"]
[EventRounds "9"]
[EventCountry "RUS"]
[SourceTitle "EXT 2011"]
[Source "ChessBase"]
[SourceDate "2010.11.26"]
[SourceVersion "1"]
[SourceVersionDate "2010.11.26"]
[SourceQuality "1"]

1. e4 c5 2. Nf3 d6 3. Bb5+ Bd7 4. Bxd7+ Qxd7 5. 0-0 Nf6 6. e5 dxe5 7. Nxe5 Qd6 8. Nc4 Qc7 9. Nc3 a6 10. d3 b5 11. Nd2 Nc6 12. Nde4 Nxe4 13. Nxe4 e6 14. Be3 Nd4 15. b4 e5 16. bxc5 Bxc5 17. c3 Ne6 18. Nxc5 Nxc5 19. d4 Na4 20. dxe5 0-0 21. Qg4 Nxc3 22. Kh1 Rad8 23. Bg5 Qc8 24. e6 Qxe6 25. Qxe6 fxe6 26. Bxd8 Rxd8 27. Rfe1 Kf7 28. a3 Rd2 29. Rac1 Nd5 30. Rc6 Nf4 31. Rxa6 Rxf2 32. g3 Nd3 33. Re3 Nc5 34. Rc6 Rf5 35. Kg2 Rd5 36. Rb6 Rd2+ 37. Kh3 Nd3 38. Kg4 Nf2+ 39. Kf3 Nh3 40. Rxb5 Ng1+ 41. Ke4 Rxh2 42. a4 Ra2 43. a5 Kf6 44. Kd4 Ne2+ 45. Kc5 Rc2+ 46. Kb6 Nc3 47. Rd3 1/2-1/2

[Event "Chigorin Memorial 17th"]
[Site "St Petersburg"]
[Date "2009.10.24"]
[Round "9"]
[White "Butuc, Maria"]
[Black "Martynenko, Alexey"]
[Result "1-0"]
[WhiteElo "2215"]
[BlackElo "2033"]
[PlyCount "157"]
[EventDate "2009.10.16"]
[EventType "swiss"]
[EventRounds "9"]
[EventCountry "RUS"]
[SourceTitle "CBM 132 Extra"]
[Source "ChessBase"]
[SourceDate "2009.11.03"]
[SourceVersion "1"]
[SourceVersionDate "2009.11.03"]
[SourceQuality "1"]

1. Nf3 d5 2. d4 Nf6 3. c4 c6 4. Nc3 e6 5. e3 Nbd7 6. Qc2 Bd6 7. b3 b6 8. Be2 Bb7 9. 0-0 Qc7 10. Bb2 0-0 11. Rac1 a6 12. Rfe1 dxc4 13. bxc4 c5 14. h3 cxd4 15. exd4 e5 16. d5 Nc5 17. Bf1 Rae8 18. Nh4 Bc8 19. Bd3 g6 20. Nf3 Nxd3 21. Qxd3 Bf5 22. Qe2 h5 23. Nh4 Qd7 24. Nxf5 Qxf5 25. Na4 Nd7 26. Qe3 Nc5 27. Nxc5 Bxc5 28. Qg3 f6 29. Re2 Rf7 30. Ba3 Bd4 31. Qb3 Rd8 32. Rec2 Qd7 33. Qd3 b5 34. Qxg6+ Rg7 35. Qxh5 bxc4 36. Qf3 c3 37. Bb4 e4 38. Qxe4 Qxh3 39. Qe6+ Qxe6 40. dxe6 Re8 41. e7 Kh7 42. Rd1 Be5 43. g3 a5 44. Rd8 Rgg8 45. Rxe8 Rxe8 46. Bxc3 Bxc3 47. Rxc3 Rxe7 48. Rc5 a4 49. Rc4 Ra7 50. a3 Kg6 51. Rf4 Kf7 52. Kg2 Ke6 53. Kf3 Ke5 54. Rb4 Kf5 55. Rb5+ Ke6 56. Ke4 Rc7 57. Rb6+ Ke7 58. Rb4 Rc2 59. f3 Rc3 60. Rxa4 Ke6 61. Ra6+ Ke7 62. g4 Rb3 63. a4 Rb4+ 64. Kf5 Rb3 65. f4 Rb4 66. Rxf6 Rxa4 67. Re6+ Kf7 68. Re5 Ra1 69. g5 Ra6 70. Rb5 Ra7 71. g6+ Kg7 72. Kg5 Ra1 73. Rb7+ Kf8 74. f5 Ra2 75. Rb8+ Ke7 76. f6+ Ke6 77. Re8+ Kd7 78. f7 Rg2+ 79. Kf6 1-0

[Event "Chigorin Memorial 17th"]
[Site "St Petersburg"]
[Date "2009.10.18"]
[Round "3"]
[White "Timofeeva, Ekaterina"]
[Black "Martynenko, Alexey"]
[Result "1-0"]
[WhiteElo "2257"]
[BlackElo "2033"]
[PlyCount "77"]
[EventDate "2009.10.16"]
[EventType "swiss"]
[EventRounds "9"]
[EventCountry "RUS"]
[SourceTitle "CBM 132 Extra"]
[Source "ChessBase"]
[SourceDate "2009.11.03"]
[SourceVersion "1"]
[SourceVersionDate "2009.11.03"]
[SourceQuality "1"]

1. Nf3 d5 2. g3 c5 3. Bg2 Nc6 4. d4 e6 5. 0-0 Nf6 6. c4 Be7 7. Nc3 0-0 8. cxd5 exd5 9. dxc5 Bxc5 10. Bg5 Be6 11. Bxf6 Qxf6 12. Nxd5 Qxb2 13. Nc7 Rad8 14. Qc1 Qxc1 15. Raxc1 Bb6 16. Nxe6 fxe6 17. e3 Nb4 18. Rc4 Nxa2 19. Ng5 Rd2 20. Nxe6 Rb8 21. Nf4 Bd8 22. Ra4 Nc3 23. Rxa7 b5 24. Ne6 b4 25. Rxg7+ Kh8 26. Rf7 Bb6 27. Bh3 b3 28. Ng5 Rd6 29. Rxh7+ Kg8 30. Bf5 b2 31. Nf7 Bc7 32. Nxd6 Bxd6 33. Rd7 Be5 34. Bb1 Ra8 35. Rb7 Ne2+ 36. Kg2 Ra1 37. Rd1 Bf6 38. Rdd7 Ra8 39. Ba2+ 1-0

[Event "Chigorin Memorial 17th"]
[Site "St Petersburg"]
[Date "2009.10.16"]
[Round "1"]
[White "Lovkov, Roman"]
[Black "Martynenko, Alexey"]
[Result "1/2-1/2"]
[WhiteElo "2435"]
[BlackElo "2033"]
[PlyCount "69"]
[EventDate "2009.10.16"]
[EventType "swiss"]
[EventRounds "9"]
[EventCountry "RUS"]
[SourceTitle "CBM 132 Extra"]
[Source "ChessBase"]
[SourceDate "2009.11.03"]
[SourceVersion "1"]
[SourceVersionDate "2009.11.03"]
[SourceQuality "1"]

1. d4 d5 2. c4 c6 3. Nf3 Nf6 4. e3 e6 5. Bd3 Nbd7 6. Nbd2 dxc4 7. Nxc4 b5 8. Ncd2 a6 9. a4 Bb7 10. 0-0 Qb6 11. Qe2 Bd6 12. e4 e5 13. dxe5 Bxe5 14. Nb3 0-0 15. Be3 Qc7 16. Nxe5 Nxe5 17. Bc2 Neg4 18. f4 Nxe3 19. Qxe3 Rfe8 20. Nc5 Nd7 21. Nxd7 Qxd7 22. e5 c5 23. Qxc5 Bxg2 24. Bxh7+ Kxh7 25. Qc2+ Kg8 26. Qxg2 bxa4 27. Kh1 Rab8 28. Rg1 g6 29. Rad1 Qf5 30. Rd6 Re6 31. Rgd1 Rxd6 32. exd6 Qxf4 33. d7 Rd8 34. Qd5 Qf5 35. Qxf5 1/2-1/2